|
|
|
|
| LEADER |
00000nab a2200000 ar4500 |
| 001 |
vtls008953220 |
| 003 |
SK-MaSNL |
| 005 |
20260303070249.0 |
| 008 |
070308c2007 xo |||||||| |000 b|hun |
| 015 |
|
|
|a SNBRB2007/03
|2 snkbucl
|
| 038 |
|
|
|a SNKBUCL
|
| 040 |
|
|
|a DSZK
|b slo
|c DSZK
|e AACR2
|
| 041 |
0 |
|
|a hun
|
| 044 |
|
|
|a xo
|c SK
|
| 080 |
|
|
|a 821.511.141-1=511.141
|2 1997
|
| 100 |
1 |
|
|a Radnóti, Miklós,
|d 1909-1944
|4 aut
|9 305089
|
| 245 |
1 |
0 |
|a Hasonlatok
|c Radnóti Miklós
|
| 650 |
0 |
7 |
|a lyrické básne, maďarské
|2 snkbucl
|9 71024
|
| 773 |
0 |
|
|t Tábortűz
|g Évf. 56, sz. február (2007), o. 25
|x 1335-6593
|
| 852 |
|
|
|a SNK
|b KIS3GCP
|
| 852 |
|
|
|a DSZK
|b KIS3GCP
|
| 958 |
|
|
|a HU
|
| 958 |
|
|
|a LX
|
| 999 |
|
|
|c 1754598
|d 1756528
|